| 000 | 00462nam a22001811a 4500 | ||
|---|---|---|---|
| 001 | 2194 | ||
| 003 | OSt | ||
| 005 | 20260204211803.0 | ||
| 008 | 040204s1985||||dr ||||||b||||||||||spa|| | ||
| 050 | _aRD 301 D939r | ||
| 082 | _aRD 301 D939r | ||
| 100 | _aDurkhlein, Emile | ||
| 245 | _aLas reglas del método sociológico / Emile Drukhlein | ||
| 264 | _aSanto Domingo : Alfa y Omega | ||
| 500 | _aIncluye indice. | ||
| 650 | _a1.SociologíaÌ | ||
| 942 |
_2ddc _cBK |
||
| 999 |
_c2194 _d2194 |
||